Powers of Protection : The Buddhist Tradition of Spells in the Dhāraṇīsaṃgraha Collections.

Beyond Boundaries: Religion, Region, Language and the State is a research initiative hosted by the British Museum and the British Library in London. Moving beyond geographical, chronological, disciplinary and historiographical boundaries, the books in this series explore the interactions of India an...

Full description

Bibliographic Details
Main Author: Hidas, Gergely.
Format: eBook
Language:English
Published: Berlin/Boston : Walter de Gruyter GmbH, 2021.
Edition:1st ed.
Series:Beyond Boundaries Series
Subjects:
Online Access:Click to View
LEADER 01904nam a22003733i 4500
001 EBC7014877
003 MiAaPQ
005 20231204023225.0
006 m o d |
007 cr cnu||||||||
008 231204s2021 xx o ||||0 eng d
020 |a 9783110713367  |q (electronic bk.) 
035 |a (MiAaPQ)EBC7014877 
035 |a (Au-PeEL)EBL7014877 
035 |a (OCoLC)1257324489 
040 |a MiAaPQ  |b eng  |e rda  |e pn  |c MiAaPQ  |d MiAaPQ 
100 1 |a Hidas, Gergely. 
245 1 0 |a Powers of Protection :  |b The Buddhist Tradition of Spells in the Dhāraṇīsaṃgraha Collections. 
250 |a 1st ed. 
264 1 |a Berlin/Boston :  |b Walter de Gruyter GmbH,  |c 2021. 
264 4 |c {copy}2021. 
300 |a 1 online resource (426 pages) 
336 |a text  |b txt  |2 rdacontent 
337 |a computer  |b c  |2 rdamedia 
338 |a online resource  |b cr  |2 rdacarrier 
490 1 |a Beyond Boundaries Series ;  |v v.9 
520 |a Beyond Boundaries: Religion, Region, Language and the State is a research initiative hosted by the British Museum and the British Library in London. Moving beyond geographical, chronological, disciplinary and historiographical boundaries, the books in this series explore the interactions of India and her neighbors from late antiquity to the close of the medieval. 
588 |a Description based on publisher supplied metadata and other sources. 
590 |a Electronic reproduction. Ann Arbor, Michigan : ProQuest Ebook Central, 2023. Available via World Wide Web. Access may be limited to ProQuest Ebook Central affiliated libraries.  
655 4 |a Electronic books. 
776 0 8 |i Print version:  |a Hidas, Gergely  |t Powers of Protection  |d Berlin/Boston : Walter de Gruyter GmbH,c2021 
797 2 |a ProQuest (Firm) 
830 0 |a Beyond Boundaries Series 
856 4 0 |u https://ebookcentral.proquest.com/lib/matrademy/detail.action?docID=7014877  |z Click to View